01019cam a22003134a 450000100090000000300050000900500170001400800410003101000170007202000150008902000180010403500130012204000180013504200080015305000220016108200200018310000200020324500960022326000390031930000340035833600260039233700280041833800270044650000200047365000210049365000250051485600880053985600780062713414405NUST20250715155905.0031124s2004 nyua 001 0 eng  a 2003025641 a0806964111 a9780806964119 a13414405 aDLCcDLCdDLC apcc00aSB473b.C665 200400a712/.6222bCOR1 aCorlett, Keith.10aGarden design for small spaces :bfrom backyards to balconies to rooftops /cKeith Corlett. aNew York :bSterling Pub.,cc2004. a144 p. :bcol. ill. ;c26 cm. atextbtxt2rdacontent aunmediatedbn2rdamedia avolumebnc2rdacarrier aIncludes index. 0aGardensxDesign. 0aLandscape gardening.423Publisher descriptionuhttp://www.loc.gov/catdir/description/ste041/2003025641.html413Table of contentsuhttp://www.loc.gov/catdir/toc/ecip0411/2003025641.html